An intermediate commercial geography /

Guardat en:
Dades bibliogràfiques
Autor principal: Stamp, L. Dudley (Laurence Dudley), 1898-1966
Format: Llibre
Idioma:English
Publicat: London : Longmans, Green, 1953.
Edició:10th ed.
Col·lecció:University geographical series
Matèries:
LEADER 01080cam a22002771a 4500
001 c000228620
003 CARM
005 20070103105836.0
008 790622s1953 at 000 0 eng d
019 1 |a 2550171  |5 LACONCORD2021 
035 |a (OCoLC)3424230  |5 LACONCORD2021 
040 |a VCAV  |b eng  |c VCAV  |d ABN-SNR 
042 |a anuc 
082 0 4 |a 330.9 
100 1 |a Stamp, L. Dudley  |q (Laurence Dudley),  |d 1898-1966. 
245 1 3 |a An intermediate commercial geography /  |c by L. Dudley Stamp. 
250 |a 10th ed. 
260 |a London :  |b Longmans, Green,  |c 1953. 
300 |a 2v. :  |b maps, tables, diagrs. ;  |c 22 cm. 
490 0 |a University geographical series 
505 0 |a Part 1. - Commodities and world trade. Part 2. - The economic geography of the leading countries. 
650 0 |a Commercial geography. 
650 0 |a Economic geography. 
852 8 |b CARM  |h A2:AQ26A0  |i B07611  |p 0340207  |f BK 
999 f f |i e5583cfe-6f07-5a61-945a-e6c977bcfeb5  |s 30843cfa-b370-5a11-8229-520cc9b955dc 
952 f f |p Can circulate  |a CAVAL  |b CAVAL  |c CAVAL  |d CARM 1 Store  |e B07611  |f A2:AQ26A0  |h Other scheme  |i book  |m 0340207